000 00503nam a2200157Ia 4500
999 _c19261
_d19261
003 OSt
005 20200625101915.0
008 190216s9999||||xx |||||||||||||| ||und||
040 _coclc
082 _a954.00202
_bGHO/F
100 _aGhosh, Kali Charan
_93223
245 4 _aThe Footprints On The Road To Inidan Independence /
_cKali Charan Ghosh
260 _bSahithya Samsad Pvt Ltd,
_c1976.
_aCalcutta:
300 _a156p
942 _cBK
_2ddc
_h954.00202
_iGHO/F
_k954.00202
_mGHO/F